Sociology of kinship (Major9)/ (Record no. 12203)
[ view plain ]
| 000 -LEADER | |
|---|---|
| fixed length control field | 00595nam a22002057a 4500 |
| 005 - DATE AND TIME OF LATEST TRANSACTION | |
| control field | 20260515115112.0 |
| 008 - FIXED-LENGTH DATA ELEMENTS--GENERAL INFORMATION | |
| fixed length control field | 250904b |||||||| |||| 00| 0 eng d |
| 020 ## - INTERNATIONAL STANDARD BOOK NUMBER | |
| International Standard Book Number | 9789358496697 |
| 040 ## - CATALOGING SOURCE | |
| Original cataloging agency | IN-DiNC |
| Transcribing agency | IN-DiNC |
| 041 ## - LANGUAGE CODE | |
| Language code of sung or spoken text | eng |
| 082 ## - DEWEY DECIMAL CLASSIFICATION NUMBER | |
| Classification number | 306.8 |
| Item number | BHU |
| 100 ## - MAIN ENTRY--PERSONAL NAME | |
| Personal name | Bhuyan, Dilip Kumar |
| Relator term | author |
| 245 ## - TITLE STATEMENT | |
| Title | Sociology of kinship (Major9)/ |
| Statement of responsibility, etc. | by Dilip Kumar Bhuyan and Moushumi Bordoloi |
| 250 ## - EDITION STATEMENT | |
| Edition statement | 1st ed. |
| 260 ## - PUBLICATION, DISTRIBUTION, ETC. | |
| Place of publication, distribution, etc. | Dibrugarh: |
| Name of publisher, distributor, etc. | Banalata, |
| Date of publication, distribution, etc. | 2025. |
| 300 ## - PHYSICAL DESCRIPTION | |
| Extent | 239p. |
| 650 ## - SUBJECT ADDED ENTRY--TOPICAL TERM | |
| Topical term or geographic name entry element | Family, marriage and kinship (Major9) |
| 700 ## - ADDED ENTRY--PERSONAL NAME | |
| Personal name | Bordoloi, Moushumi |
| Relator term | author |
| 942 ## - ADDED ENTRY ELEMENTS (KOHA) | |
| Source of classification or shelving scheme | Dewey Decimal Classification |
| Koha item type | Books |
| Withdrawn status | Lost status | Source of classification or shelving scheme | Damaged status | Not for loan | Collection | Home library | Current library | Shelving location | Date acquired | Cost, normal purchase price | Total checkouts | Full call number | Barcode | Date last seen | Date last checked out | Copy number | Price effective from | Koha item type |
|---|---|---|---|---|---|---|---|---|---|---|---|---|---|---|---|---|---|---|
| Dewey Decimal Classification | Naharkatiya College Library | Naharkatiya College Library | General stacks | 09/04/2025 | 270.00 | 2 | 306.8 BHU | 31094 | 10/29/2025 | 10/11/2025 | 1 | 09/04/2025 | Books | |||||
| Dewey Decimal Classification | Naharkatiya College Library | Naharkatiya College Library | General stacks | 09/04/2025 | 270.00 | 306.8 BHU | 31095 | 09/04/2025 | 2 | 09/04/2025 | Books | |||||||
| Dewey Decimal Classification | Naharkatiya College Library | Naharkatiya College Library | General stacks | 09/04/2025 | 270.00 | 1 | 306.8 BHU | 31096 | 11/11/2025 | 10/30/2025 | 3 | 09/04/2025 | Books |